000
00327nam a22001457a 4500
008
210226b ||||| |||| 00| 0 eng d
020
_a
9781559341059
041
_a
eng
080
_a
32
082
_a
32
100
_a
19
101
_a
SHK
245
_a
The art and science of Public Speaking
_c
Brydon, S.R
942
_2
udc
_c
BK
999
_c
55306
_d
55306